00282nam a2200109Ia 4500008004100000020001800041082001500059100001800074245005800092260001200150500001000162260604s9999 xx 000 0 und d a9780143452133 a153.42 FOR aDarius foroux 0aThink Straight: Change your thoughts Change your life bPenguin aThink